Biotechnology (Record no. 107631)
[ view plain ]
| 000 -LEADER | |
|---|---|
| fixed length control field | 00364nam a2200145Ia 4500 |
| 008 - FIXED-LENGTH DATA ELEMENTS--GENERAL INFORMATION | |
| fixed length control field | 210210b2005 xxu||||| |||| 00| 0 eng d |
| 020 ## - INTERNATIONAL STANDARD BOOK NUMBER | |
| International Standard Book Number | 81 87134 90 9 |
| 082 ## - DEWEY DECIMAL CLASSIFICATION NUMBER | |
| Classification number | 620.8 SATB |
| 100 ## - MAIN ENTRY--PERSONAL NAME | |
| Personal name | SATYANARAYANA (U) |
| 245 ## - TITLE STATEMENT | |
| Title | Biotechnology |
| 260 ## - PUBLICATION, DISTRIBUTION, ETC. | |
| Place of publication, distribution, etc. | Kolkata |
| Name of publisher, distributor, etc. | Books and Allied (P) Ltd. |
| Date of publication, distribution, etc. | 2005 |
| 300 ## - PHYSICAL DESCRIPTION | |
| Extent | xix,872 |
| 690 ## - LOCAL SUBJECT ADDED ENTRY--TOPICAL TERM (OCLC, RLIN) | |
| Topical term or geographic name as entry element | Biotechnology |
| 906 ## - LOCAL DATA ELEMENT F, LDF (RLIN) | |
| a | 061035 |
| Withdrawn status | Lost status | Source of classification or shelving scheme | Damaged status | Not for loan | Collection code | Home library | Current library | Date acquired | Source of acquisition | Cost, normal purchase price | Total Checkouts | Total Renewals | Full call number | Barcode | Date last seen | Date last checked out | Price effective from | Koha item type |
|---|---|---|---|---|---|---|---|---|---|---|---|---|---|---|---|---|---|---|
| Dewey Decimal Classification | Bio Technology | St Aloysius Library | St Aloysius Library | 02/17/2021 | Higginbothams Pvt. Ltd. Mangalore-01 | 395.00 | 1 | 1 | 620.8 SATB | 061035 | 10/16/2023 | 09/26/2023 | 02/17/2021 | Book |